00572 2200217 4500001002100000005001500021035002000036007000300056008004100059020001700100082000800117084001400125100001100139245006200150260004500212300003100257650001500288700002700303990001200330990001200342INLIS00000000000181320180327113616 a0010-0318000156ta180327 g 0 ind  a978602313047 a750 a750 IND m0 aINDIRA1 aMELUKIS, Di Kain /cIndira; editor, Petra Aquina Budiarti aJakarta :bGramedia Pustaka Utama,c2015 a67 hlm. :bilus. ;c23 cm. aSENI LUKIS0 aPETRA, Aquina Budiarti a16514 a a16514 b